Представление документа в формате RUSMARC

ПолеНазваниеЗначение
  Тип записи i
  Библиографический уровень m
001 Контрольный номер RU/IS/BASE/289492660
005 Дата корректировки 20230518143920.8
010 Индекс ISBN __
d Цена 132-00; 160-48
101 Язык документа 0_
a Язык текста rus
c Язык оригинала rus
200 Заглавие и сведения об ответственности 1_
a Заглавие Недоросль
e Сведения, относящиеся к заглавию [аудиокнига]
f Первые сведения об ответственности Д. И. Фонвизин
b Общее обозначение материала Звукозапись
210 Выходные данные 1_
a Место издания М.
c Издательство Аудиокнига
d Дата издания 2007
215 Физическое описание __
a Объем 1 электрон. опт. диск (Audio CD) (3 ч.)
225 Серия 2_
a Серия Школьная библиотека
300 Общие примечания __
a Общие примечания AudioCD ; CD-плеер с поддержкой MP3 ; Pentium-233 ; Windows 9x-XP ; CD-ROM ; звуковая карта
a Общие примечания Диск в футл.
323 Примечание о главных создателях, исполнителях, участниках __
a Примечание о главных создателях, исполнителях, участниках Алексеев- Валуа, А. (читает)
330 Аннотация __
a Аннотация Социально-политическая комедия поднимает актуальные проблемы нравственного разложения дворянства и воспитания молодежи.
333 Примечание о целевом назначении __
a Примечание о целевом назначении 12+. Для детей старше 12 лет
606 Тематические рубрики __
a Основная рубрика Художественная литература
606 Тематические рубрики __
a Основная рубрика Русская литература XVIII в. (произведения)
610 Ключевые слова 0_
a Ключевые слова классическая литература; пьесы; драматические произведения; недоросль; литературные герои; литературные персонажи; тема нравственности; тема молодежи; тема воспитания; тема семьи; тема учебы; тема любви; тема юмора; тема сатиры; сатирическая литература; сатирическая драматургия; сатирические пьесы; сатирические комедии; комедии
686 Индексы других классификаций __
a Классификационный индекс 84(2=411.2)5-6я04; ст84(2Рос=Рус)1-6я04
700 Автор _1
a Фамилия Фонвизин
b Имя Д. И.
f Даты 1744-1792
g Полное личное имя Денис Иванович
4 Код отношения 070
801 Источник записи _0
a Страна RU
b Организация Муниципальное бюджетное учреждение культуры "Централизованная библиотечная система" г. Сургут (Центральная городская библиотека им. А. С. Пушкина)
g Правила каталогизации КиК/Поспелова
801 Источник записи _1
a Страна RU
b Организация Муниципальное бюджетное учреждение культуры "Централизованная библиотечная система" г. Сургут (Центральная городская библиотека им. А. С. Пушкина)
g Правила каталогизации КиК/Поспелова
852 Данные о местонахождении __
j Шифр хранения 84(2=411.2)5-6я04
c Каталожный индекс 84(2Рос=Рус)1-6я04
i Авторский знак Ф 77
901 Тип документа __
t Тип документа 0
903 Характеристики (МАРС) __
a Дата передачи 20100316; 20090306
969 Тип издания __
a Тип издания аудиокнига
990 Данные о заказе (DOS) __
j Количество экземпляров (DOS) 2; 1
h N записи в КСУ для Б/У (DOS) 201004; 200903